| 000 | 00634cam a22002293a 4500 | ||
|---|---|---|---|
| 001 | 42148 | ||
| 003 | PGUSA | ||
| 005 | 20140828083942.0 | ||
| 008 | 130221s2013||||xxu|||||s|||||000 | eng d | ||
| 040 |
_aPGUSA _beng |
||
| 042 | _adc | ||
| 100 | 1 |
_aPirandello, Luigi, _d1867-1936 |
|
| 245 | 1 | 0 |
_aThree Plays _h[electronic resource] / _cLuigi Pirandello |
| 260 |
_bProject Gutenberg, _c2013 |
||
| 506 | _aPublic domain in the USA. | ||
| 516 | _aElectronic text | ||
| 700 | 1 | _aLivingstone, Arthur | |
| 700 | 1 | _aStorer, Edward | |
| 830 | 0 |
_aProject Gutenberg _v42148 |
|
| 856 | 4 | 0 | _uhttp://www.gutenberg.org/ebooks/42148 |
| 942 | _cEB | ||
| 999 |
_c271400 _d271400 |
||